000 00886nam a2200265Ia 4500
003 OSt
005 20221005030923.0
006 a|||||r|||| 00| 0
007 ta
008 221004b |||||||| |||| 00| 0 eng d
020 _a9780674971585 (hbk)
_cINR 3499.00
024 _a34981
037 _b8164, 05/09/2017, Efficient Book Distributors
_cTextual
040 _aCRL
_cCRL
_beng
041 _2eng
_aeng
082 _aAv, Q6
100 _aHasse Dag Nikolaus Au.
_9583148
245 0 _aSuccess and suppression
_b Arabic sciences and philosophy in the renaissance
260 _aCambridge
_bHarvard University Press UK
_c2016
300 _axviii,660p.
_ccm.
650 _a SCIENCE - HISTORY
_928922
650 _aSCIENCE - ARAB
_9583149
942 _hAv, Q6
_cTEXL
_2cc
999 _c936935
_d936935